Car Brands by Model II Quiz Stats

Quiz Updated May 22, 2013

Challenge
Share
Tweet
Embed
Score 0/22 Timer 04:00
10 Plays Today
Car Car Brand % Correct
FocusFord
99.5%
AccordHonda
95.3%
CamryToyota
90.2%
JettaVolkswagen
85.2%
ChargerDodge
84.5%
MalibuChevrolet
84.4%
AltimaNissan
77.2%
NavigatorLincoln
66.7%
SorentoKia
66.5%
BoxsterPorsche
65.5%
ElantraHyundai
63.2%
Car Car Brand % Correct
M3BMW
61.3%
ForesterSubaru
57.5%
GalantMitsubishi
50.6%
TestarossaFerrari
46.8%
EldoradoCadillac
45.2%
626Mazda
42.7%
CrossfireChrysler
42.6%
V12 VantageAston Martin
39.9%
VeyronBugatti
39.6%
Grand VitaraSuzuki
32.9%
AstraOpel
29.9%

You're not logged in!

Compare scores with friends on all Sporcle quizzes.
Sign Up with Email
OR
Log In

You Might Also Like...

Show Comments

Extras

Top Quizzes Today


Score Distribution

Your Account Isn't Verified!

In order to create a playlist on Sporcle, you need to verify the email address you used during registration. Go to your Sporcle Settings to finish the process.